[Event "World Cup"]
[Site "Khanty-Mansiysk"]
[Date "2007.12.10"]
[Round "6.2"]
[White "Karjakin, Sergey"]
[Black "Shirov, Alexei"]
[Result "1/2-1/2"]
[WhiteElo "2694"]
[BlackElo "2739"]
[Annotator "Marin,M"]
[PlyCount "65"]
[EventDate "2007.11.24"]
[EventType "k.o."]
[EventRounds "7"]
[EventCountry "RUS"]
[SourceTitle "CBM 122"]
[Source "ChessBase"]
[SourceDate "2008.01.30"]
[SourceVersion "1"]
[SourceVersionDate "2008.01.30"]
[SourceQuality "1"]

1. e4 e5 2. Nf3 Nc6 3. Bb5 a6 4. Ba4 Nf6 5. O-O Be7 6. Re1 b5 7. Bb3 d6 8. c3
O-O 9. h3 Re8 10. d4 Bb7 11. Nbd2 Bf8 12. a4 Na5 {Black has scored well
recently with this increasingly fashionable line.} 13. Ba2 (13. Bc2 {
Kasimdzhanov,R (2690)-Polgar,J (2708)/Vitoria Gasteiz ESP 2007/CBM 121/[Marin]
(0-1, 36)}) 13... exd4 14. cxd4 c5 15. d5 {This move, which leads to a Benoni
type of structure, is a novelty.} (15. b4 $5 {Volokitin,A (2662)-Morozevich,A 
(2731)/Biel 2006/CBM 114/[Marin,M] (0-1, 59)}) 15... c4 {I believe that with
his bishops far from optimally placed Black should refrain from such commital
moves.} ({In my notes to Volokitin-Morozevich I recommended} 15... g6 {
Possibly, Shirov feared} 16. b4 $5 {, in the spirit of the game continuation.}
({I only gave} 16. Bb1 Bg7 17. Nf1 b4 18. Ng3 Nd7 {with comfortable play for
Black.}) {However, after} 16... cxb4 17. Rb1 Nd7 $1 {it is not clear whether
White can stabilize the queenside to his favour. The dynamism of the black
knights is not to be neglected.} 18. axb5 (18. Rxb4 Nc5 {[%csl Rb4,Re1][%cal
Gc5d3,Gc5a4]}) 18... Nc5 $1 19. Qc2 {[%csl Gd3]} Rc8 $132 {[%cal Gc8c2]}) 16.
b4 $1 {The logical reaction. White opens the queenside before Black completes
his regrouping (...g6, ...Bg7, ...Bc8-d7).} cxb3 17. Bxb3 b4 {The structure
seems to favour Black, but he needs several tempi to achieve the optimal
placement of pieces (...Nd7-c5, ...Bc8-d7, ...g6 and ...Bg7). In the meanwhile,
White will take over the initiative, taking advantage of the relativeweakness
of the b4-pawn.} 18. Bc2 {[%cal Ga1b1]} Bc8 19. Rb1 Rb8 20. Ba3 $1 Bxh3 21.
Bxb4 Bg4 {Both players have achieved some progress on one of the wings. White
has eliminated the b4-pawn and can dream about taking advantage of the
awkwardly placed a5-knight. However, the elimination of the h3-pawn ensures
Black some stability on the kingside, since White will not get out of the pin
too easily now.} 22. Bd3 {[%csl Ga6]} Ra8 {However, the necessity of playing
such a move speaks about the objective evaluation of Black's situation.} 23.
Re3 $6 {The start of a rather artificial regrouping.} (23. Nf1 $6 Nb7 24. Ne3
Bh5 {also fails to impress.}) ({Why not simply} 23. Qc2 $1 {unpinning the
knight and threatening Nd4-c6?} g6 ({The careless} 23... Nb7 $6 {allows the
additional possibility of} 24. e5 $1 $40) 24. Nd4 $16 {The c6-square is under
white control, while the g4-bishop does not feel so secure anymore.}) 23... Nb7
24. Qf1 Bxf3 25. Rxf3 Nc5 {Black has managed to get rid of "bad" pieces and,
although he has not equalized completely yet, he can hope for it in the near
future.} 26. Bxc5 dxc5 27. Rb7 Rb8 28. Rxb8 Qxb8 29. Qb1 Qxb1+ 30. Bxb1 c4 $11
31. Nxc4 Nxe4 32. Re3 Nd6 33. Rxe8 1/2-1/2

[Event "Jermuk FIDE GP"]
[Site "Jermuk"]
[Date "2009.08.12"]
[Round "4"]
[White "Bacrot, Etienne"]
[Black "Eljanov, Pavel"]
[Result "1/2-1/2"]
[WhiteElo "2721"]
[BlackElo "2716"]
[Annotator "Marin,M"]
[PlyCount "110"]
[EventDate "2009.08.09"]
[EventType "tourn"]
[EventRounds "13"]
[EventCountry "ARM"]
[EventCategory "19"]
[SourceTitle "CBM 132"]
[Source "ChessBase"]
[SourceDate "2009.09.16"]
[SourceVersion "1"]
[SourceVersionDate "2009.09.16"]
[SourceQuality "1"]

1. e4 e5 2. Nf3 Nc6 3. Bb5 a6 4. Ba4 Nf6 5. O-O Be7 6. Re1 b5 7. Bb3 d6 8. c3
O-O 9. h3 Bb7 10. d4 Re8 11. Nbd2 Bf8 12. d5 Nb8 13. Nf1 Nbd7 14. N3h2 Nc5 ({
Recently, Ivanchuk has delivered a surprising novelty.} 14... Rc8 $5 {I
suppose that his idea was to refrain from an early ...c6 in the event of} 15.
Bg5 {, trying to eliminate the enemy dark-squared bishop and activate his own.
Here are some possible lines.} (15. Ng4 {Leko,P (2741)-Ivanchuk,V (2781)/
Moscow 2008/CBM 126/[Marin] (0-1, 43)}) 15... h5 {This was the ulterior choice
of one of Ivanchuk's collaborators.} ({I had investigated only} 15... Be7 $5 {
, creating the potential threat of ...Nxd5, for instance} 16. Ng3 g6 17. a4 $6
Nc5 18. Bc2 Nxd5) 16. a4 g6 17. Nf3 Nc5 18. axb5 axb5 19. Bc2 c6 20. b4 Ncd7
21. dxc6 Bxc6 22. Bb3 Qc7 23. Nh4 $1 {White puts his bet on a kingside attack.}
({The positional continuation} 23. Bxf6 Nxf6 24. Ng5 Re7 25. Qf3 Nh7 26. Nxh7
Kxh7 27. Ne3 {would fail by one tempo (Ra3)} Bh6 28. Nd5 Bxd5 29. Bxd5 Qxc3 $11
) 23... Kg7 (23... Bxe4 24. Ng3 $16 {[%csl Gg6]}) 24. Ng3 Qb7 25. Nhf5+ $5 {
White chooses the most complicated continuation of the attack.} (25. Bh6+ $5
Kxh6 26. Bxf7 $36 {is another sacrificial variation}) ({The objectively best
continuation may be} 25. Qd2 $1 $16 {[%cal Gg5h6,Gh6f8,Gd2d6] Black has
serious problems defending all his weaknesses. Maybe White did not notice that}
Nxe4 $2 {is impossible in view of} 26. Nxe4 Bxe4 27. Rxe4 Qxe4 28. Bd5 $18)
25... gxf5 26. exf5 (26. Nxh5+) (26. Nxf5+) 26... Bxg2 27. Re3 $40 {Ni Hua 
(2710)-Leon Hoyos,M (2535)/Reggio Emilia 2008/CBM 128 (1-0, 45)}) 15. Bc2 c6
16. b4 Ncd7 17. dxc6 Bxc6 18. Bg5 Be7 (18... Qc8 $5 {[%cal Yc8c3,Yc8h3]} 19.
Ng3 {Svidler,P (2750)-Morozevich,A (2747)/Moscow 2006/CBM 116/[Marin] (1-0, 78)
} (19. Bxf6 {Hracek,Z (2620)-Beliavsky,A (2640)/Germany 2000/CBM 074 ext (1/2,
39)})) (18... Qc7 {Carlsen,M (2765)-Navara,D (2672)/Baku 2008/CBM 124/[Marin,M]
(1/2, 45)}) ({I have examined the availanble material after} 18... h6 {Kamsky,
G (2726)-Adams,M (2729)/Baku 2008/CBM 124/[Marin,M] (1-0, 60)}) 19. Ne3 $5 $146
{Before playing Nhg4, White wants to provoke ...g6.} (19. Bxf6 Nxf6 20. Ng4
Nxg4 21. hxg4 (21. Qxg4 {is inoffensive because it allows Black win time for
his standard regrouping.} Bd7 22. Qf3 Rc8 23. Rad1 Be6 24. Bb3 Bg5 25. Rd3 Rc6
26. Red1 Qc7 27. Ng3 g6 $11 {Ragger,M (2518)-Beliavsky,A (2619)/Dresden 2008/
CBM 128 (1/2, 34)}) 21... Rc8 22. Bb3 Bd7 23. Re3 Be6 24. Rd3 Bc4 25. Bxc4 Rxc4
26. Ne3 $5 Rxe4 $8 {Otherwise, Black would be crushed positionally after Nd5.}
27. Qf3 Rf4 28. Qc6 $44 {White's higher activity and the control over the
d5-square yield him good compensation for the sacrificed pawn.}) 19... g6 {
This is the natural reaction.} (19... Bxe4 $2 {does not work because of} 20.
Bxe4 Nxe4 21. Bxe7 Rxe7 22. Nd5 $16) ({However,} 19... Nxe4 $5 {may be playable
} 20. Bxe7 Rxe7 21. Nf5 d5 22. Nxe7+ Qxe7 $44 {/+/= White's chances for an
objective advantage are restricted by his weak queenside structure.}) 20. Bxf6
Nxf6 21. Nhg4 Nxg4 22. hxg4 Bg5 {The standard fight for the d5-square, typical
of the Sveshnikov Sicilian, now starts.} 23. Qf3 ({The immediate occupation of
the d5-square has the drawback that White has problems defending his c3-pawn.
The reason is that the e3- and c1-squares are controlled by the g5-bishop.} 23.
Nd5 Bxd5 24. Qxd5 Rc8 25. Bb3 Re7 26. c4 bxc4 27. Bxc4 Qb6 28. a3 Rec7 29. Bb3
Qb5 30. Rad1 Qxd5 31. Rxd5 Rc3 32. Rb1 Rc1+ 33. Rxc1 Rxc1+ 34. Kh2 Rc3 $11)
23... Bxe3 (23... Rc8 $5) 24. Rxe3 Bd7 {[%csl Gc4,Gd5][%cal Gd7e6] This is
almost always played in this variation.} 25. Bb3 Be6 26. Rd3 Rc8 27. Bxe6 Rxe6
28. a4 {Since the weaknesses of the c3- and d6-pawns tend to compensate for
each other, White aims to force on Black one more weak spot on the queenside.}
Qg5 29. Qd1 bxa4 $6 {This is a horrible positional concession.} (29... Kg7 30.
axb5 axb5 31. Ra5 Rb8 32. g3 {[%cal Gg1g2] is at least more pleasant for White,
because the black rooks have to passively defend the weak pawns. The
counterplay based on} h5 {may not suffice:} 33. gxh5 Rh8 34. Ra6 Rxh5 35. Raxd6
Rxd6 36. Rxd6 Qh6 37. Qf3 Qc1+ 38. Rd1) (29... Qf4 $5 {looks like a better
attempt to maintain equality by dynamic means.} 30. Re3 {White refrains from
f3, which would leave the kingside vulnerable.} Rf6 31. Qe2 Kg7 32. axb5 axb5
33. g3 Qg5 34. Kg2 (34. Ra5 h5 $1 35. gxh5 Rh8 36. Rxb5 Rxh5 $36 {White's
queen and king's rook are less well placed than in the previous line.}) 34...
Rh8 $132) 30. Qxa4 Qxg4 31. Qxa6 Ree8 32. Qb7 $6 (32. Re1 $1 $16 {[%csl Gd6,
Ge4] basically wins a pawn without risk. For instance:} Red8 33. Rxd6 Rxd6 34.
Qxd6 Rxc3 35. Qxe5 $16) 32... Rc4 33. Re3 (33. f3 Qg5 34. Qd5 Rec8 $132) 33...
Qc8 34. Qxc8 Rexc8 $11 {Material is equal and the vulnerability of the c3-pawn
prevents White from taking advantage of his passed b-pawn.} 35. Ra3 ({White is
short of one tempo in the line} 35. Rb1 Rxc3 36. Rxc3 Rxc3 37. b5 Rc7 38. b6
Rb7 39. Kf1 Kf8 40. Ke2 Ke7 41. Kd3 Kd7 42. Kc4 {If White could play Kb5 or
Kd5, things would get difficult for Black, but he is just in time for} Kc6 $19)
35... R8c7 36. Kf1 f5 37. f3 Kf7 38. Ke2 Ke6 39. Kd3 h5 40. Re1 h4 41. Rb1
fxe4+ 42. fxe4 d5 43. exd5+ Kxd5 44. Re1 e4+ {Simplifying to a draw, entirely
in accordance with the Sofia rules.} 45. Rxe4 Rxc3+ (45... Rxe4 46. Ra5+ Ke6
47. Kxe4 Rxc3 $11) 46. Rxc3 Rxc3+ 47. Kxc3 Kxe4 48. Kc4 Ke5 49. Kd3 g5 50. Ke3
g4 51. b5 Kd5 52. Kf4 h3 53. gxh3 gxh3 54. Kg3 Kc5 55. Kxh3 Kxb5 1/2-1/2

[Event "Moscow Tal Memorial 3rd"]
[Site "Moscow"]
[Date "2008.08.24"]
[Round "6"]
[White "Leko, Peter"]
[Black "Ivanchuk, Vassily"]
[Result "0-1"]
[WhiteElo "2741"]
[BlackElo "2781"]
[Annotator "Marin,M"]
[PlyCount "86"]
[EventDate "2008.08.18"]
[EventType "tourn"]
[EventRounds "9"]
[EventCountry "RUS"]
[EventCategory "20"]
[SourceTitle "CBM 126"]
[Source "ChessBase"]
[SourceDate "2008.10.01"]
[SourceVersion "1"]
[SourceVersionDate "2008.10.01"]
[SourceQuality "1"]

1. e4 e5 2. Nf3 Nc6 3. Bb5 a6 4. Ba4 Nf6 5. O-O Be7 6. Re1 b5 7. Bb3 d6 8. c3
O-O 9. h3 Bb7 10. d4 Re8 11. Nbd2 Bf8 12. d5 ({Considering the numerous new
ideas for Black that have been discovered lately in the main line introduced by
} 12. a4 {, it is just logical that the advance of the d-pawn has become
increasingly popular.}) 12... Nb8 13. Nf1 Nbd7 14. N3h2 Rc8 $5 $146 {An
interesting novelty. One important element of Black's plan is to break open
the centre with ...c6. However, this would weaken the d5-square and White can
try to take advantage of it by exchanging the f6 knight (with either Ng4 or
Bg5). The move played by Ivanchuk will be useful after a later ...c6 anyway 
(in some line given below, ...Rxc6 is possible), but refrains from defining
the position yet, waiting for White's reaction.} ({I have annotated several
lines where the topical line} 14... Nc5 15. Bc2 c6 16. b4 Ncd7 17. dxc6 Bxc6
18. Bg5 {was played.} Qc8 $5 {[%cal Yc8c3,Yc8h3]} (18... Qc7 {Carlsen,M (2765)
-Navara,D (2672)/Baku 2008/CBM 124/[Marin,M] (1/2-1/2, 45)}) ({I have examined
the available material after} 18... h6 {Kamsky,G (2726)-Adams,M (2729)/Baku
2008/CBM 124/[Marin,M] (1-0, 60)}) 19. Ng3 {Svidler,P (2750)-Morozevich,A 
(2747)/Moscow 2006/CBM 116/[Marin] (1-0, 78)} (19. Bxf6 Nxf6 20. Ng4 Nxg4 21.
hxg4 Bd7 {[%csl Yc3,Yg4] This is the point behind placing the queen on c8.
White cannot defend both the attacked pawns simultaneously. However, he will
get good compensation in view of the centralized knight.} 22. Ne3 Ra7 $5 23.
Bb3 Qxc3 24. Nd5 Qc8 25. Nb6 Qd8 26. Nxd7 Qxd7 27. Bd5 g6 $11 {Hracek,Z (2620)
-Beliavsky,A (2640)/Germany 2000/CBM 074 ext (1/2-1/2, 39)})) 15. Ng4 ({
I suppose that Ivanchuk's idea was to refrain from an early ...c6 in case of} 
15. Bg5 {, trying to eliminate the enemy dark-squared bishop and activate his
own. Here are some possible lines.} Be7 16. Ng3 g6 $5 {Since the position has
a closed character, Black can afford to prepare the threat ...Nxd5 at his own
convenience.} (16... Nxd5 $2 {is premature because of} 17. Bxd5 $1 $18 {
[%csl Rb7]}) (16... Nc5 $6 {[%csl Gb7][%cal Gf6d5]} 17. Nf5 $1 Nxd5 18. Bh6 $1
$40) 17. a4 (17. Bxf6 Bxf6 18. a4 Bh4 $11 {[%cal Gc7c6] In this line, the
white knights are far from the d5-square.}) 17... Nc5 18. Bc2 Nxd5 ({The less
ambitious} 18... c6 {is possible, too:} 19. Bxf6 Bxf6 20. Ng4 Bg5 21. axb5 axb5
22. dxc6 Bxc6 23. Ne3 Bxe3 $1 24. Rxe3 Qe7 {and, once the main danger (Nd5)
has been removed, Black is doing fine.}) 19. Bxe7 Nxe7 20. Ng4 Rf8 {and
White's compensation is not very obvious.}) 15... Nxg4 16. Qxg4 Nc5 17. Bc2 c6
18. dxc6 (18. b4 Na4 $1 {With the rook on c8, Black is well prepared for the
structural modifications implied by this move.} 19. Bxa4 bxa4 20. c4 (20. dxc6
Rxc6 $1 {[%csl Rc4][%cal Gb7c8,Gc8e6]}) 20... cxd5 21. cxd5 {Black should not
have problems activating his b7-bishop, if only he is careful for a while.} Qb6
(21... a5 22. b5 $1) (21... Rc4 {[%cal Gc4b4,Gb7d5,Gb7c8,Gc8d7,Gd7b5]} 22. Ne3
Rxb4 23. Ba3 Rb5 {[%cal Gb7c8,Gc8d7]} 24. Qd1) 22. Be3 Qb5 23. Rac1 g6 $132)
18... Bxc6 19. Ne3 g6 20. Rd1 (20. Nf5 {is premature because after} Kh8 21. Nh6
Qe7 22. Be3 Bg7 {the knight is more of a source of worries.}) 20... Bh6 {
A logical move, preparing the exchange of the potentially "bad" bishop, which,
however, supposes some risks.} (20... h5 {looks premature.} 21. Qf3 Ne6 (21...
b4 22. cxb4 Ne6 23. Bb3 Ng5 24. Qe2 Nxe4 25. Nd5 $16) 22. Nd5 Bxd5 23. Rxd5 (
23. exd5 Nd4 $1) 23... Nd4 (23... b4 24. Ba4 $1) 24. Qd1 (24. cxd4 Rxc2 25.
dxe5 Rxe5) 24... Nxc2 25. Qxc2 $14) 21. b4 {Leko consequently plays for the
d5-square, but this plan is time consuming and weakens the c-file as well.} (
21. Nf5 {may be the critical line.} Bxc1 22. Raxc1 h5 23. Qg3 Re6 $5 (23...
Bxe4 $6 24. Nxd6 Bxc2 25. Qf3 $1 (25. Rxc2 Ne4 26. Qd3 Nxd6 27. Qxd6 Qa5 $1)
25... Bxd1 26. Qxf7+ Kh8 27. Qxg6 Rf8 28. Rxd1 $16) 24. f3 Kf8 25. Ne3 (25. b4
Nxe4 26. Bxe4 Bxe4 27. fxe4 gxf5 28. exf5 h4 29. Qe3 Rf6 30. Rf1 Ke7 {Black's
structure is more compact and the king feels quite safe in the centre, because
of the absence of minor pieces.}) 25... Re8 {[%cal Gc5e6,Ge6f4]} (25... h4 26.
Qf2 $1 {[%cal Gf2d2]}) 26. h4 a5 $13 {Although the black kingside may seem a
bit weak, the weakness induced by f3 (necessary at that moment) can have a
long term significance.}) 21... Ne6 22. Bb3 ({Now it is too late for} 22. Nf5
$6 Bxc1 23. Raxc1 h5 24. Qg3 Nf4 25. Rd2 d5 26. Bb3 (26. exd5 Qxd5 $5) 26...
Qf6 27. exd5 Qxf5 28. dxc6 Rxc6 $15) 22... Kh8 23. Nd5 Bxc1 24. Raxc1 Rf8 25.
Rc2 f5 26. exf5 (26. Qe2 Qg5) 26... gxf5 $36 {Psychologically, it must have
been unpleasant for Leko to fight against his favourite... Sveshnikov
structure. Moreover, Black has already solved the problem of his dark-squared
bishop and has a strong initiative.} 27. Qh5 (27. Qf3 Qg5 $36) 27... Qd7 $6 {
Ivanchuk underestimates the dynamic potential of White's position.} ({He
should have played the thematic} 27... Bxd5 $1 {at once:} 28. Bxd5 Nf4 29. Qf3
(29. Qh6 Rf6) 29... Qg5 $36 {[%cal Gc8c7,Gc7g7]}) 28. Qh6 $14 {Suddenly, it is
not easy for Black to free himself.} Bxd5 29. Rxd5 $2 (29. Bxd5 Nf4 30. g3 Nxd5
(30... Ng6 31. c4 $14) 31. Rxd5 $14) 29... Qe7 30. Rcd2 Rc6 31. g3 f4 $1 $40 {
Everything is working fine now for Black. He has safely defended the d6-pawn
and a knight move to g5 will fit in with the pawn structure perfectly.} 32. Kh2
Rf6 33. Qh5 Qf8 34. R5d3 e4 35. Qd5 exd3 36. Qxc6 fxg3+ 37. fxg3 Ng5 38. Bd5
Qh6 39. h4 Nf3+ 40. Bxf3 Qxd2+ 41. Kh3 Qxa2 42. Qb6 (42. Bd5 Qf2) 42... Qe6+
43. Kg2 Qf5 0-1